1144 1515 1047 1892 1908 1407 1371 1726 1038 1763 1268 1204 1438 1335 1740 1813 1430 1774 1272 1438 1494 1211 1057 1176 1944 1703 1714 1092 1799 1501 1183 1424 1640 1090 1863 1093 1372 1221 1242 1526 1335 1396 1135 1200 1917 1473 1013 1713 1094 1567 1330 1312 1965 1133 1931 1392 1889 1314 1276 1959 1214 1292 1329 1883 1808 1380 1109 1841 1225 1281 1634 1421 1461 1546 1249 1930 1937 1692 1226 1688 1023 1171 1760 1206 1987 1141 1160 1143 1297 1358 1194 1009 1509 1396 1275 1770 1151 1430 1955 BCNSPRNW ULIB Ver.6.0+V

เปลี่ยนเป็นภาษาไทย

Change to English
 แสดงรายละเอียดบรรณานุกรม
  กลับหน้าหลัก

Brief Record : Get Marc (ISO 2709) : E-mail record : QR code < ปิดหน้าต่าง
LEADER : 00000nam 2200000uu 4500
001    13399112154
003     ULIB
008    110627s2552||||th 000 0 tha d
020    9786165020152
090    นว.^bธ524ป 2552
100 0  ธาราภัส
245 00 ประกาศิตพิศวาส/^cธาราภัส
250    พิมพ์ครั้งที่ 1
260    กรุงเทพฯ :^bSugar Beat,^c2552
300    434 หน้า
710 1  Sugar Beat
945    ^p270^l0^i026737
995    ทศพร
999 ^a ใช้งานได้ทุกระบบ
รายการนี้ยังไม่มีแท็ก
คุณยังไม่ได้ล็อกอิน คุณสามารถมีกิจกรรมร่วมกับเว็บไซต์ได้ แต่ต้องล็อกอินก่อน ::
  ล็อกอิน

รายการสื่อสารสนเทศ

ลำดับที่ ประเภท เลขเรียก/บาร์โค้ด สถานที่ สถานะ
- ไม่พบข้อมูล -

BibComment


ยังไม่เคยถูกคอมเมนท์

คอมเมนท์ทรัพยากรรายการนี้
  คอมเมนท์: ประกาศิตพิศวาส ธา..


 Copyright 2026. Bcnsprnw @Library